| 000 | 00487nam a2200157Ia 4500 | ||
|---|---|---|---|
| 003 | GCL | ||
| 008 | 140319s9999 xx 000 0 ara d | ||
| 040 |
_aGCL / _cGCL |
||
| 082 | 0 | 4 |
_a891.7 _bح ك |
| 100 | 1 | _aحلمى مراد | |
| 245 | 1 | 0 |
_aالحرب والسلام القصة الخالدة لتولستوى / _cحلمى مراد |
| 260 |
_a[S.N] : _bالمؤسسة العربية الحديثة |
||
| 490 |
_aكتابى _v0 |
||
| 650 | 0 | 4 | _aالادب الروسى |
| 942 |
_2ddc _cBK |
||
| 999 |
_c35242 _d35242 |
||